| 000 | 01123nam a2200277Ia 4500 | ||
|---|---|---|---|
| 003 | GCL | ||
| 008 | 140319s9999 xx 000 0 ara d | ||
| 020 | _a2292314977 | ||
| 040 |
_aGCL / _cGCL |
||
| 082 | 0 | 4 |
_a371.914 _bو م |
| 100 | 1 | _aوليد السيد احمد خليفة | |
| 245 | 1 | 0 |
_aالمهارات اللغوية والتخلف العقلى فى ضوء علم النفس المعرفى / _cوليد السيد احمد خليفة |
| 250 | _aالاولى | ||
| 260 |
_aالقاهرة : _bزهراء الشرق ، _c2006 |
||
| 300 |
_a252ص ؛ _c24سم |
||
| 650 | 0 | 4 | _aالاطفال بطيئو التعلم |
| 650 | 0 | 4 | _aالاطفال - رعاية ذهنية |
| 650 | 0 | 4 | _aالمعوقون - تعليم |
| 650 | 0 | 4 | _aالتلعثم |
| 650 | 0 | 4 | _aالاطفال المعوقون - تعليم |
| 650 | 0 | 4 | _aالمعوقون - رعاية اجتماعية |
| 650 | 0 | 4 | _aضعاف العقول - رعاية اجتماعية |
| 650 | 0 | 4 | _aالاطفال المعوقون - النطق - عيوب |
| 650 | 0 | 4 | _aالاطفال المعوقون - الكلام - تعليم وتدريس |
| 942 |
_2ddc _cBK |
||
| 999 |
_c9670 _d9670 |
||